000
00258nam a2200085Ia 4500
245
0
_a
Out of control : the science of wildfires
100
_a
Sirota, Lyn A., Minneapolis, Minn., 2009
_9
100848
942
_c
BK
008
210818s9999 xx 000 0 und d
999
_c
434402
_d
434400